| 000 | 00767nam a2200193Ia 4500 | ||
|---|---|---|---|
| 003 | GCL | ||
| 005 | 20240530110245.0 | ||
| 008 | 140319s9999 xx 000 0 ara d | ||
| 040 |
_aGCL / _cGCL |
||
| 082 | 0 | 4 |
_a910.3 _bى م |
| 100 | 1 | _aياقوت الحموى: شهاب الدين ابوعبدالله ياقوت بن عبدالله الرومى البغدادى | |
| 245 | 1 | 0 |
_aمعجم البلدان / _cياقوت الحموى: شهاب الدين ابوعبدالله ياقوت بن عبدالله الرومى البغدادى |
| 260 |
_aبيروت : _bدار صادر ، _c1957 |
||
| 300 |
_a3 مج ؛ _c24 سم |
||
| 650 | 0 | 4 | _aتقاويم البلدان |
| 650 | 0 | 4 | _aوصف ورحلات |
| 650 | 0 | 4 | _aالبلدان- معاجم |
| 942 |
_2ddc _cREF |
||
| 999 |
_c59524 _d59524 |
||